Online katalóg knižníc regiónu Turca

Včelárstvo (Record no. 20239)

MARC details
000 -LEADER
fixed length control field 01513nam a2200433 a 4500
001 - CONTROL NUMBER
control field 20239
003 - CONTROL NUMBER IDENTIFIER
control field VRT
005 - DATE AND TIME OF LATEST TRANSACTION
control field 20260120103805.0
008 - FIXED-LENGTH DATA ELEMENTS--GENERAL INFORMATION
fixed length control field 181127s1957 xo 000 slo
015 ## - NATIONAL BIBLIOGRAPHY NUMBER
National bibliography number SKSNBA1957/08-01153
035 ## - SYSTEM CONTROL NUMBER
System control number SK01SNK19570015070
035 ## - SYSTEM CONTROL NUMBER
System control number SKM000017533
039 #9 - LEVEL OF BIBLIOGRAPHIC CONTROL AND CODING DETAIL [OBSOLETE]
Level of rules in bibliographic description 202201280953
Level of effort used to assign nonsubject heading access points msnk162
Level of effort used to assign subject headings 202109232003
Level of effort used to assign classification AUTHORITY
Level of effort used to assign subject headings 201905311513
Level of effort used to assign classification AUTHORITY
Level of effort used to assign subject headings 201811270837
Level of effort used to assign classification VLOAD
040 ## - CATALOGING SOURCE
Original cataloging agency SNK
Language of cataloging slo
Transcribing agency SNK
Description conventions AACR2
041 1# - LANGUAGE CODE
Language code of text/sound track or separate title slo
044 ## - COUNTRY OF PUBLISHING/PRODUCING ENTITY CODE
MARC country code xo
ISO country code SK
080 ## - UNIVERSAL DECIMAL CLASSIFICATION NUMBER
Universal Decimal Classification number 638.1(075.3)
Edition identifier 1981
100 1# - MAIN ENTRY--PERSONAL NAME
Personal name Janota, Dušan Metod,
Dates associated with a name 1922-1997
Relationship aut
245 10 - TITLE STATEMENT
Title Včelárstvo
Remainder of title učebný text pre poľnohosp. techn. a majstrovské školy
Statement of responsibility, etc. Dušan Janota
250 ## - EDITION STATEMENT
Edition statement 2. preprac. a dopl. vyd.
260 ## - PUBLICATION, DISTRIBUTION, ETC.
Place of publication, distribution, etc. Bratislava
Name of publisher, distributor, etc. Slovenské vydavateľstvo pôdohospodárskej literatúry
Date of publication, distribution, etc. 1957
Place of manufacture Trnava
Manufacturer Polygrafické závody
300 ## - PHYSICAL DESCRIPTION
Extent 84, [2] s.
Dimensions
490 1# - SERIES STATEMENT
Series statement Učebnice
Volume/sequential designation zv. 152
500 ## - GENERAL NOTE
General note Ilustr.
500 ## - GENERAL NOTE
General note Úvod. pozn. nap. Libuša Březinová
563 ## - BINDING INFORMATION
Binding note 4300 výtl.
650 07 - SUBJECT ADDED ENTRY--TOPICAL TERM
Topical term or geographic name entry element včelárstvo
Source of heading or term SNKPH
655 #7 - INDEX TERM--GENRE/FORM
Genre/form data or focus term učebnice
Source of term SNKPH
700 1# - ADDED ENTRY--PERSONAL NAME
Personal name Březinová, Libuše
Relationship aui
830 #0 - SERIES ADDED ENTRY--UNIFORM TITLE
Uniform title Učebnice
910 ## - USER-OPTION DATA (OCLC)
User-option data kis3gmm
910 ## - USER-OPTION DATA (OCLC)
User-option data bpksh
942 ## - ADDED ENTRY ELEMENTS (KOHA)
Source of classification or shelving scheme Dewey Decimal Classification
Koha item type Odborná literatúra pre dospelých
Suppress in OPAC No
949 ## - LOCAL PROCESSING INFORMATION (OCLC)
6 17A0512330
a snkSD 13856
b snkKSP 2249/57
949 ## - LOCAL PROCESSING INFORMATION (OCLC)
6 3869A11980
a bpksh638.1
b bpksh18362
949 ## - LOCAL PROCESSING INFORMATION (OCLC)
6 273K0387361
a svkpoA 21071
b svkpo49778
Holdings
Stav vyradenia Strata Poškodenie Spôsob nadobudnutia Domovská knižnica Aktuálna knižnica Dátum nadobudnutia Total checkouts Čiarový kód exemplára Date last seen Typ exemplára
      Dar Obecná knižnica Horná Štubňa Obecná knižnica Horná Štubňa 20.01.2026   4736200250 20.01.2026 Odborná literatúra pre dospelých
Projekt je podporený Slovenskou asociáciou knižníc
Prevádzkuje Turčianska knižnica Martin 2026